| 000 | 00810nam a2200229Ia 4500 | ||
|---|---|---|---|
| 003 | OSt | ||
| 005 | 20250715140943.0 | ||
| 008 | 210210b1998 xxu||||| |||| 00| 0 eng d | ||
| 040 | _cAL | ||
| 041 | _aKannada | ||
| 082 | _aK894.9 KARA | ||
| 100 |
_aKARNATAKA SAHITYA AKADEMI _dಕರ್ನಾಟಕ ಸಾಹಿತ್ಯ ಅಕಾಡೆಮಿ _9159667 |
||
| 245 |
_aAandayya _bಆಂಡಯ್ಯ |
||
| 260 |
_aBengaluru. _bKarnataka Sahitya Akademi., _c1998 |
||
| 300 | _axiv,52 | ||
| 520 | _aANDAYYA Epic work of Andayyas "kabbigara Kavam' | ||
| 650 |
_aಮುತ್ತಿನಹಾರ ಮಾಲಿಕೆ . muttina hara malike _9159668 |
||
| 690 |
_aKannada Criticism _9159669 |
||
| 700 |
_aSiddarama Hiremata _dಸಿದ್ದರಾಮ ಹಿರೇಮಠ _9159670 |
||
| 906 | _a057820 | ||
| 942 |
_2ddc _cBK |
||
| 999 |
_c105382 _d105382 |
||